Hry na hřišti a v tělocvičně

Guardado en:
Detalles Bibliográficos
Formato: Libro
Lenguaje:checo
Publicado: Praha Olympia 1987
Edición:1. vyd.
Colección:Velká encyklopedie her Sv.3
Etiquetas: Agregar Etiqueta
Sin Etiquetas, Sea el primero en etiquetar este registro!

MARC

LEADER 00000nam a2200000 4500
001 c038113
005 20250827102259.1
041 0 |a cze 
044 |a CZ 
245 1 0 |a Hry na hřišti a v tělocvičně  |c Miloš Zapletal 
250 |a 1. vyd. 
264 1 |a Praha  |b Olympia  |c 1987 
300 |a 503 s. 
490 1 |a Velká encyklopedie her  |v Sv.3 
830 0 |a Velká encyklopedie her  |v Sv.3